Analýza vývoja ekonomickej aktivity obyvateľstva a jej štruktúry v okrese Košice-mesto v rokoch 1975-1985 záverečná práca postgraduálneho štúdia

Na minha lista:
Detalhes bibliográficos
Autor principal: Chomová, Anna
Autor Corporativo: Vysoká škola ekonomická v Bratislave
Outros Autores: Kontšeková, Oľga
Formato: Livro
Idioma:eslovaco
Publicado em: Bratislava 1987
Tags: Adicionar Tag
Sem tags, seja o primeiro a adicionar uma tag!

MARC

LEADER 00000nam a2200000 4500
001 c022419
005 20230116094943.8
041 0 |a slo 
044 |a SK 
245 1 0 |a Analýza vývoja ekonomickej aktivity obyvateľstva a jej štruktúry v okrese Košice-mesto v rokoch 1975-1985  |b záverečná práca postgraduálneho štúdia  |c Anna Chomová ; Ved. práce Oľga Kontšeková 
264 1 |a Bratislava  |c 1987 
300 |a 58 s. 
100 1 |a Chomová, Anna 
700 1 |a Kontšeková, Oľga 
710 2 |a Vysoká škola ekonomická v Bratislave